[Event "Tournoi Skype 012A"]
[Site "Skype"]
[Date "????.??.??"]
[Round "7.20"]
[White "Antonic, Nenad"]
[Black "Meaney, Mike"]
[Result "1-0"]
[WhiteElo "1489"]
[BlackElo "1508"]
[PlyCount "81"]

1. d4 Nf6 2. Nf3 e6 3. e3 d5 4. Bd3 Nbd7 5. Nbd2 Bd6 6. O-O c5 7. c3 c4 8. Bc2
O-O 9. e4 dxe4 10. Nxe4 Nxe4 11. Bxe4 Nf6 12. Bg5 Be7 13. Bxf6 Bxf6 14. a4 Re8
15. Nd2 e5 16. d5 Qc7 17. Qe2 Bd7 18. Nxc4 Rac8 19. b3 b5 20. axb5 Bxb5 21. Bd3
Red8 22. d6 Qb8 23. Rfd1 Bxc4 24. Bxc4 Rxd6 25. Rxd6 Qxd6 26. Rxa7 Be7 27. Qf3
Rf8 28. Ra8 Bf6 29. Rxf8+ Kxf8 30. Qd5 Qe7 31. b4 e4 32. Qa8+ Qe8 33. Qd5 Bxc3
34. Bb5 Qb8 35. Qc5+ Kg8 36. Qxc3 h6 37. Qc4 Qe5 38. Qc5 Qa1+ 39. Bf1 Kh7 40.
Qf5+ Kg8 41. Qxe4 1-0

[Event "Tournoi Skype 012A"]
[Site "Skype"]
[Date "????.??.??"]
[Round "7.21"]
[White "Karia, Vijay"]
[Black "Talbot, Jacques"]
[Result "1-0"]
[WhiteElo "1499"]
[BlackElo "1454"]
[PlyCount "23"]

1. e4 e5 2. Nf3 Nc6 3. Bc4 Nf6 4. Ng5 d5 5. exd5 Na5 6. Bb5+ c6 7. dxc6 Nxc6 8.
Bc4 Nd5 9. Nxf7 Kxf7 10. Qf3+ Ke6 11. Nc3 Nd4 12. Bxd5+ 1-0

[Event "Tournoi Skype 012A"]
[Site "Skype"]
[Date "????.??.??"]
[Round "7.22"]
[White "Holtz, Steve"]
[Black "De Coninck, Philippe"]
[Result "1-0"]
[WhiteElo "1494"]
[BlackElo "1420"]
[PlyCount "45"]

1. d4 d5 2. c4 e6 3. Nf3 Nc6 4. Bf4 Nf6 5. a3 Be7 6. c5 O-O 7. e3 a6 8. Bd3 b6
9. b4 Bb7 10. O-O h6 11. Nc3 a5 12. Nb5 Ne8 13. Qc2 axb4 14. axb4 Nxb4 15. Bh7+
Kh8 16. Qb1 Rxa1 17. Qxa1 Kxh7 18. Qb1+ Kg8 19. Qxb4 Ba6 20. Ra1 Bxb5 21. Qxb5
bxc5 22. dxc5 Qb8 23. Qxb8 1-0

[Event "Tournoi Skype 012A"]
[Site "Skype"]
[Date "????.??.??"]
[Round "7.23"]
[White "Hague, Mark"]
[Black "Khatanhar, Mohit"]
[Result "1-0"]
[WhiteElo "1448"]
[BlackElo "1420"]
[PlyCount "41"]

1. d4 d5 2. c4 dxc4 3. e3 e6 4. Bxc4 Bd6 5. Nf3 Nf6 6. Qc2 Bd7 7. a3 Nc6 8. b4
b6 9. Nbd2 Qe7 10. O-O O-O 11. Bb2 Nh5 12. Bd3 f5 13. Rfe1 Kh8 14. e4 fxe4 15.
Rxe4 Rf6 16. d5 Rg6 17. dxc6 Bxc6 18. Rh4 Rf8 19. Bxg6 hxg6 20. Qxc6 Kg8 21.
Re1 1-0

[Event "Tournoi Skype 012A"]
[Site "Skype"]
[Date "????.??.??"]
[Round "7.24"]
[White "Trivedi, Viral"]
[Black "Grimwood, Robert"]
[Result "1-0"]
[WhiteElo "1542"]
[BlackElo "1550"]
[PlyCount "81"]

1. e4 d5 2. exd5 Nf6 3. Bc4 Nxd5 4. Qh5 e6 5. Nf3 Be7 6. Nc3 Nf6 7. Qh3 O-O 8.
d3 Nc6 9. O-O e5 10. Qh4 Nd5 11. Bg5 Bxg5 12. Nxg5 Nf6 13. Bxf7+ Rxf7 14. Nxf7
Kxf7 15. Rad1 Qe7 16. Ne4 Nxe4 17. Qxe4 h6 18. c3 Kf8 19. b4 a6 20. f4 Kg8 21.
fxe5 Qxe5 22. Qf3 Be6 23. Rde1 Qd6 24. Qe3 Re8 25. Rf3 Bf7 26. Qf2 Rxe1+ 27.
Qxe1 Ne5 28. Rg3 Ng6 29. Qe4 c6 30. h4 Ne7 31. Re3 Ng6 32. h5 Nh8 33. c4 Qxb4
34. Qe5 Qb1+ 35. Re1 Qxa2 36. Qb8+ Kh7 37. Qxb7 Qa5 38. Qe7 Qg5 39. Qe4+ Kg8
40. Qxc6 Kf8 41. Qc8+ 1-0

[Event "Tournoi Skype 012A"]
[Site "Skype"]
[Date "????.??.??"]
[Round "7.25"]
[White "Gieschen, Mike"]
[Black "Duthoit, Bernard"]
[Result "1/2-1/2"]
[WhiteElo "1538"]
[BlackElo "1506"]
[PlyCount "77"]

1. Nf3 Nf6 2. d4 d5 3. e3 e6 4. c4 dxc4 5. Bxc4 c5 6. Nc3 cxd4 7. Nxd4 Bb4 8.
Bd2 O-O 9. O-O Re8 10. a3 Ba5 11. b4 Bb6 12. Nf3 Nc6 13. Re1 Bd7 14. Bd3 Ne7
15. Nh4 Bc6 16. e4 Qxd3 17. Qe2 Qxe2 18. Rxe2 Rad8 19. Rd1 Ba4 20. Nxa4 Bd4 21.
Nf3 b5 22. Nxd4 Rxd4 23. Nc5 Ng6 24. Ree1 Red8 25. Re2 Nf4 26. Kf1 Nxe2 27.
Kxe2 Nxe4 28. Nxe4 Rxe4+ 29. Be3 Rxd1 30. Kxd1 a5 31. Bc5 a4 32. f3 Re3 33.
Bxe3 Kf8 34. Bd4 g6 35. Kd2 Ke7 36. Ke3 Kd6 37. g4 Kd5 38. Kd3 f5 39. g5
1/2-1/2